Statistics for Imagine Dragons - Radioactive lyrics

Click here to take the quiz!

General Stats

  • This quiz has been taken 63 times
  • The average score is 215 of 262

Answer Stats

Lyrics% Correct
I
100%
a
98%
radioactive
98%
the
98%
my
96%
to
96%
I'm
95%
in
93%
up
93%
feel
88%
waking
88%
it
86%
bones
84%
oh
84%
system
84%
age
82%
and
82%
new
82%
welcome
82%
dust
79%
ash
77%
chemicals
77%
breathing
75%
make
75%
enough
71%
woah
71%
is
70%
out
70%
rust
70%
prison
66%
this
66%
apocalypse
64%
brow
64%
go
64%
blow
63%
on
63%
sweat
63%
wipe
63%
bus
61%
all
59%
inside
59%
it's
57%
shaping
57%
breaking
55%
checking
55%
fit
55%
right
55%
from
54%
revolution
54%
suppose
54%
deep
52%
straight
52%
systems
50%
we're
50%
hasn't
46%
sun
46%
then
46%
clothes
45%
red
45%
died
43%
flag
41%
raise
41%
painted
39%
dye
23%

Score Distribution

Percentile by Number Answered

Percent of People with Each Score

Your Score History

You have not taken this quiz